| 000 | 00730nam a2200181Ia 4500 | ||
|---|---|---|---|
| 008 | 151202s9999||||xx |||||||||||||| ||und|| | ||
| 082 | _bPNVM-69561 | ||
| 100 | _aसंपा - पोळ इंदुमती / गद्रे नीता. | ||
| 245 | _aअनोखं पालकत्व. | ||
| 260 | _bचंद्रकला प्रकाशन. पुणे. | ||
| 260 | _c69561 | ||
| 300 | _a248 | ||
| 600 | _aसंपा - पोळ इंदुमती / गद्रे नीता. | ||
| 630 | _aअनोखं पालकत्व. | ||
| 700 | _aसंपा - पोळ इंदुमती / गद्रे नीता. | ||
| 730 | _aअनोखं पालकत्व. | ||
| 942 | _cBOOK | ||
| 999 |
_c1336071 _d1336068 |
||